Търговска кореспонденция и организация на офиса (Запис номер 33108)
[ съкратено ]
| 000 -Лидер | |
|---|---|
| Контролно поле с фиксирана дължина | 02429nam a2200421 c 4500 |
| 003 - Код на организацията, давaща контролен номер | |
| Контролно поле | BLK |
| 005 - Дата и час на последна редакция | |
| Контролно поле | 20221105121608.0 |
| 008 - Елементи от данни с фиксирана дължина | |
| fixed length control field | 180408b bul|||||r ||||||| ||bul|| |
| 010 ## - Наследен системен номер | |
| LC control number | KNG00035795000 |
| 020 ## - Международен стандартен номер на книга ISBN | |
| Международен стандартен номер на книга ISBN | 954-9574-64-4 |
| 040 ## - Източник на каталожния запис | |
| Идентификатор на билиотеката - собственик на записа | BLK |
| 041 ## - Код за език | |
| Код за езика на текст/звукозапис или на отделно заглавие | Български |
| Код за езика КДБФ | Български |
| 080 ## - УДК | |
| Текстов определител УДК | Канцеларски работи. Деловодство. Секретарска работа - Съхраняване на служебни документи, кореспонденция, картотеки |
| УДК код - определител по УДК | 005.912 |
| УДК определител | (075.8) |
| УДК - код + определител | 005.912(075.8) |
| 080 ## - УДК | |
| Текстов определител УДК | Взаимоотношения в предприятията. Производствени взаимоотношения. Управление на персонала |
| УДК код - определител по УДК | 658.3 |
| УДК определител | (075.8) |
| УДК - код + определител | 658.3(075.8) |
| 100 1# - Редна дума - Автор | |
| Автор | Червенакова, Надежда Костадинова |
| Авторска отговорност | първи автор |
| R(LIN) | 272740 |
| 139 ## - Редно поле | |
| Редна дума | Червенакова, Надежда Костадинова и др. |
| Авторски знак | Червен - Ч 67 |
| 245 10 - Сведения за заглавието | |
| Заглавие | Търговска кореспонденция и организация на офиса |
| Подзаглавни данни | Пособие за студенти |
| Редно поле (дума) | Надежда Костадинова Червенакова; съавт. Септемврина Георгиева Костова; съавт. Мария Минчева. |
| 257 ## - Страна на издаване | |
| Страна на създаване/издаване | България |
| 260 ## - Област на издателските данни | |
| Име на издателя, разпространителя и проч. | Тракия-М |
| Година на издаване | 2001 |
| Печатница | Враца : Полипринт |
| 300 ## - Физическа характеристика | |
| Страници | 182 с. |
| Илюстрации и др. | с табл., диагр., ил. |
| Размери/Мащаб | 21 см |
| 380 ## - Жанр | |
| Жанр | Общ отдел |
| 500 ## - Общи забележки | |
| Забележка | Офс. изд. - Съдържа и Речник на търговските термини. |
| 650 #4 - Допълнително описание по предмет – тема | |
| Основно описание – тема или топоним | Търговска кореспонденция - учебници за ВУЗ |
| 9 (RLIN) | 272742 |
| 650 #4 - Допълнително описание по предмет – тема | |
| Основно описание – тема или топоним | Секретарска работа - учебници за ВУЗ |
| 9 (RLIN) | 248406 |
| 650 #4 - Допълнително описание по предмет – тема | |
| Основно описание – тема или топоним | Канцеларии - учебници за ВУЗ |
| 9 (RLIN) | 272743 |
| 650 #4 - Допълнително описание по предмет – тема | |
| Основно описание – тема или топоним | Стопански предприятия - организация и управление |
| 9 (RLIN) | 262378 |
| 653 ## - Ключова дума – ненормативна | |
| Ключова дума | търговска кореспонденция |
| 653 ## - Ключова дума – ненормативна | |
| Ключова дума | секретарска работа |
| 653 ## - Ключова дума – ненормативна | |
| Ключова дума | канцеларии |
| 653 ## - Ключова дума – ненормативна | |
| Ключова дума | учебници за ВУЗ |
| 700 1# - Други автори (авторска отговорност) | |
| Лично име | Костова, Септемврина Георгиева |
| Автороска отговорност (Описва отношението между автора и произведението) | съавт. |
| 9 (RLIN) | 366919 |
| 700 1# - Други автори (авторска отговорност) | |
| Лично име | Минчева, Мария |
| Автороска отговорност (Описва отношението между автора и произведението) | съавт. |
| 9 (RLIN) | 272741 |
| 852 ## - Местоположение | |
| Форматна сигнатура | Цб 208381 |
| 856 4# - Електронен адрес и достъп | |
| Електронен формат | pdf - файл |
| 856 4# - Електронен адрес и достъп | |
| Електронен формат | pdf - файл |
| 999 ## - СИСТЕМНИ КОНТРОЛНИ НОМЕРА | |
| Koha biblionumber | 33108 |
| Koha biblioitemnumber | 33108 |
| 942 ## - АРТИКУЛИ | |
| Вид на библиотечния материал | Книги |
| Скрит в OPAC | Не |
| Koha issues (borrowed), all copies | 3 |
| Периодичен библиозапис | Да |
| 944 ## - СЪЗДАВАНЕ И РЕДАКЦИЯ на ЗАПИСА | |
| Създаване/Редакция | Създаване |
| Дата на регистрацията/редакция | 15.01.2003 |
| Служител, извършил регистрацията/редакцията | Кети_Илиева |
| 944 ## - СЪЗДАВАНЕ И РЕДАКЦИЯ на ЗАПИСА | |
| Създаване/Редакция | Редакция |
| Дата на регистрацията/редакция | 28.11.2012 |
| 999 ## - СИСТЕМНИ КОНТРОЛНИ НОМЕРА | |
| Koha biblioitemnumber | 33108 |
| Код за отписване | Код за изгубен артикул | Източник на класификационната схема | Код за повреда | Коз за рестрикции | Код за отдаване | Артикулен № | Име на библиотеката - собственик | Име на библиотеката, в която се намира в момента | Статус (Текущо местоположение) | Дата на вписване в системата | Местоположение - отдел | Цена в лева | Инвентарен номер | Систематично азбучна сигнатура | Баркод | Номер на екземпляра | Цена в евро | Служебна бележка | Служебен тип на артикула |
|---|---|---|---|---|---|---|---|---|---|---|---|---|---|---|---|---|---|---|---|
| Изтеглен | Не е изгубен | Universal Decimal Classification | Не е повреден | без рестрикции | ползва се в читалня | 52901 | Регионална библиотека "Любен Каравелов" Русе | Регионална библиотека "Любен Каравелов" Русе | Читалня | 2001-01-01 | Читалня | 7.00 | 663980 | Ч 651/Ч 66 | 663980 | 1 | 3.58 | Дост: Pk Вид: Ф N: стар фонд Дата: 01.01.2001 Дата инв: 23.03.2017 Бележки инв: Ч2017 | Книги |
| Не е изгубен | Не е повреден | без рестрикции | ползва се в читалня | 52902 | Регионална библиотека "Любен Каравелов" Русе | Регионална библиотека "Любен Каравелов" Русе | Хранилище | 2005-10-31 | Хранилище | 0.00 | 120000697699 | Цб 208381 | 120000697699 | 2 | 0.00 | Дост: Dp Вид: Д N: 45 Дата: 20.10.2004 | Книги | ||
| Не е изгубен | Universal Decimal Classification | Не е повреден | без рестрикции | заемане за дома | 52903 | Регионална библиотека "Любен Каравелов" Русе | Регионална библиотека "Любен Каравелов" Русе | Заемна - подръчен фонд | 2006-12-29 | Заемна - подръчен фонд | 9.21 | 120000708121 | 005/Ч 66 | 120000708121 | 3 | 4.71 | Дост: Pk Вид: Ф N: 47416 Дата: 19.12.2006 Дата инв: 06.02.2018 Бележки инв: П2018 | Книги |